LEADER 01142nam a2200253 i 4500 001 000000132574 003 CaOOAMICUS 005 20041210000000.0 008 041210s1987 xxu u000 u eng u 013 $a105532 020 $a1-55612-074-5 040 $aSeMil$bita 100 1 $aHoge, Dean R.$0(OLS)http://semarc/name/47035 245 14$aThe future of Catholic leadership :$bresponses to the priest shortage /$cDean R. Hoge. 260 $aKansas City (MO) :$bSheed & Ward,$cCopyr. 1987. 300 $axvii, 270 p. ;$c22 cm. 650 4$aLeadership - Concezione cristiana.$0(OLS)http://semarc/subject/19674 650 4$aChiesa cattolica - Stati Uniti d'America - Clero - Elezione.$0(OLS)http://semarc/subject/26096 850 $aSeMil 852 $aSeMil$W1$xVenegono$y1$m3G III 58$j86480$B86480$CSeMilBibl$Z2$F90362 $81 961 $aOmaggio: Bressan don Luca 996 $6020$a1-55612-074-5$9(OLS)http://semarc/number/119634 996 $6245$aThe future of Catholic leadership :$bresponses to the priest shortage$9(OLS)http://semarc/title/194698 996 $6260$aKansas City (MO) :$bSheed & Ward$9(OLS)http://semarc/publisher/45036 LEADER 01188nam a2200301 i 4500 001 000000109961 003 CaOOAMICUS 005 20190614104341.0 008 021118s1990 it u000 u ita u 013 $a82642 020 $a88-339-0533-0 040 $aSeMil$bita 100 1 $aRemotti, Francesco,$d<1943- >.$0(OLS)http://semarc/name/3598 245 10$aNoi, primitivi :$blo specchio dell'antropologia /$cFrancesco Remotti. 260 $aTorino :$bBollati Boringhieri,$c1990. 300 $a287 p. ;$c22 cm. 490 0 $aSaggi 500 $aContiene : Riferimenti bibliografici. - Fondo Card. C.M. Martini. 650 4$aAntropologia culturale.$0(OLS)http://semarc/subject/2863 830 0$aSaggi.$0(OLS)http://semarc/title/341 850 $aSeMil 852 $aSeMil$W1$xVenegono$y1$m3XB II 12$j65886$B65886$CSeMilBibl$Z2$F101542 $81 941 1 $a4 961 $aOmaggio: Martini Card. Carlo Maria 996 $6020$a88-339-0533-0$9(OLS)http://semarc/number/91529 996 $6245$aNoi, primitivi :$blo specchio dell'antropologia$9(OLS)http://semarc/title/159736 996 $6260$aTorino :$bBollati Boringhieri$9(OLS)http://semarc/publisher/31556